000 00793cab a22002055a 4500
001 L138122
008 070517s2007 xxk f 000 0 eng d
035 _a(Sirsi) u138122
041 0 _aeng
100 1 _aBanerjee, Nigel
245 0 3 _aAn overview of the Companies Act 2006
260 _c2007
490 0 _aLovells Real Estate Quarterly
_vMarch 2007, 5-6(2)
520 _aDiscusses the implementation timetable and the provisions of the Companies Act 2006. Reports that the Act will be brought in to force in stages ,and that the scope of the act will affect virtually all companies. Discusses directors? duties and derivative actions.
590 _aKA
650 2 4 _aCOMPANIES ACT 2006
651 4 _aEngland and Wales
_y1543-
690 _aMANAGEMENT-BUSINESS MANAGEMENT
942 _n0
999 _c78792
_d78792